ARRUPE JESUIT UNIVERSITY

CORONAVIRUS -STOP THE SPREAD - CLEAN,DISINFECT,COVER

Truth and value in Nietzsche (Record no. 61722)

MARC details
000 -LEADER
fixed length control field 00497nam a2200193Ia 4500
003 - CONTROL NUMBER IDENTIFIER
control field 0100
008 - FIXED-LENGTH DATA ELEMENTS--GENERAL INFORMATION
fixed length control field 130303s9999 xx 000 0 und d
040 ## - CATALOGING SOURCE
Transcribing agency ARRUPELIB
050 ## - LIBRARY OF CONGRESS CALL NUMBER
Classification number B3318.K7W54 1974
300 ## - PHYSICAL DESCRIPTION
Other physical details 23cm
100 ## - MAIN ENTRY--PERSONAL NAME
Personal name Wilcox, John T.
245 ## - TITLE STATEMENT
Title Truth and value in Nietzsche
245 ## - TITLE STATEMENT
Remainder of title a study of his Metaethics and Epistemology
260 ## - PUBLICATION, DISTRIBUTION, ETC. (IMPRINT)
Name of publisher, distributor, etc The University of Michigan press
260 ## - PUBLICATION, DISTRIBUTION, ETC. (IMPRINT)
-- 1974
300 ## - PHYSICAL DESCRIPTION
Extent 229p.
650 ## - SUBJECT ADDED ENTRY--TOPICAL TERM
Topical term following geographic name as entry element Philosophy--Problems
942 ## - ADDED ENTRY ELEMENTS (KOHA)
Source of classification or shelving scheme Library of Congress Classification
Koha issues (borrowed), all copies 14
Holdings
Withdrawn status Lost status Source of classification or shelving scheme Damaged status Not for loan Collection code Home library Current library Shelving location Date acquired Total Checkouts Full call number Barcode Date last seen Date checked out Copy number Price effective from Koha item type
    Library of Congress Classification     Main Collection ARRUPE LIBRARY ARRUPE LIBRARY   05/03/2013 15 B3318.K7W54 1974 46003094518 27/04/2022 20/04/2022 1 05/03/2013 Monograph ( Printed materials)

 

Arrupe Library. PO Box MP320 Mt Pleasant, Harare, Zimbabwe
263 242 745411|librarian@aju.ac.zw